[Event "Tradewise Gibraltar Chess Festival 2014 "]
[Site "The Caleta Hotel - Gibraltar"]
[Date "2014.02.05"]
[Round "9.50"]
[White "Kobo, Ori"]
[Black "Ashwin, Jayaram"]
[Result "0-1"]
[WhiteElo "2298"]
[BlackElo "2473"]
[PlyCount "134"]
[EventDate "2014.01.28"]

1. d4 Nf6 2. c4 e6 3. g3 Bb4+ 4. Bd2 Qe7 5. Nf3 Bxd2+ 6. Nbxd2 d6 7. Bg2 a5 8.
O-O O-O 9. e4 e5 10. Qc2 Bg4 11. Rfe1 Nfd7 12. h3 Bh5 13. d5 c6 14. Nh4 Rc8 15.
Nf5 Qf8 16. g4 Bg6 17. Qd1 Nc5 18. Qe2 Nba6 19. Rec1 Nb4 20. Nf1 Nbd3 21. Rd1
Nf4 22. Qe3 cxd5 23. cxd5 Qd8 24. N1g3 Bxf5 25. exf5 h5 26. Nxh5 Nxh5 27. gxh5
Qf6 28. Rac1 Qxf5 29. Qf3 Qxf3 30. Bxf3 Na4 31. Bg4 Rc5 32. Rxc5 Nxc5 33. Rc1
Ra6 34. b3 Rb6 35. Be2 a4 36. bxa4 Rb4 37. a5 Ra4 38. Rc2 Rxa5 39. Kg2 Ra3 40.
Rb2 Kf8 41. Bg4 Rd3 42. Bc8 Rxd5 43. Bxb7 Nxb7 44. Rxb7 Ra5 45. Rb2 Ke7 46. Kg3
Ra4 47. Rc2 Ke6 48. Rb2 d5 49. Rb6+ Kf5 50. Rb7 Ra3+ 51. Kh4 Ra4+ 52. Kg3 Kf6
53. Rb6+ Kg5 54. Rb7 Ra3+ 55. Kg2 f6 56. Rxg7+ Kxh5 57. Rd7 d4 58. f4 Kg6 59.
h4 Rxa2+ 60. Kf3 Kf5 61. fxe5 Ra3+ 62. Ke2 fxe5 63. h5 Rh3 64. Rh7 Kg5 65. Re7
Kf4 66. Rf7+ Ke4 67. Rh7 d3+ 0-1

[Event "Tradewise Gibraltar Chess Festival 2014 "]
[Site "The Caleta Hotel - Gibraltar"]
[Date "2014.02.05"]
[Round "9.51"]
[White "Paehtz, Elisabeth"]
[Black "Sanchez Jerez, Emilio Miguel"]
[Result "1-0"]
[WhiteElo "2458"]
[BlackElo "2287"]
[PlyCount "59"]
[EventDate "2014.01.28"]

1. d4 Nf6 2. Nf3 g6 3. c4 Bg7 4. Nc3 O-O 5. g3 d6 6. Bg2 c6 7. O-O Bf5 8. Nh4
Be6 9. d5 cxd5 10. cxd5 Bd7 11. h3 Na6 12. Be3 b5 13. a3 Nc5 14. b4 Na4 15.
Nxa4 bxa4 16. Nf3 a5 17. Nd4 axb4 18. axb4 Qc8 19. Nc6 Bxc6 20. dxc6 d5 21. b5
Ra5 22. Qb1 Ne4 23. Bxe4 dxe4 24. Qb4 Bxa1 25. Qxa5 Be5 26. Qxa4 Qxh3 27. Qxe4
Bd6 28. b6 h5 29. Rd1 Kg7 30. b7 1-0

[Event "Tradewise Gibraltar Chess Festival 2014 "]
[Site "The Caleta Hotel - Gibraltar"]
[Date "2014.02.05"]
[Round "9.52"]
[White "Fuchs, Judith"]
[Black "Munguntuul, Batkhuyag"]
[Result "1-0"]
[WhiteElo "2315"]
[BlackElo "2438"]
[PlyCount "85"]
[EventDate "2014.01.28"]

1. e4 c5 2. Nf3 e6 3. d4 cxd4 4. Nxd4 Nc6 5. Nc3 Qc7 6. Be3 a6 7. Be2 Nf6 8. a3
b5 9. Nxc6 dxc6 10. f4 Bb7 11. e5 Rd8 12. Qc1 Nd5 13. Nxd5 cxd5 14. Bd4 Bc5 15.
c3 Rc8 16. Qe3 Bxd4 17. Qxd4 O-O 18. O-O Bc6 19. Bd3 f5 20. exf6 Rxf6 21. Rae1
Rcf8 22. Re5 Be8 23. g3 Bg6 24. Bxg6 hxg6 25. Rfe1 Qd6 26. Qe3 Re8 27. Kg2 Qc6
28. Qd4 Rc8 29. h4 Kf7 30. Kh3 Qc5 31. Rd1 Rf5 32. Rxf5+ gxf5 33. Qe5 Qc7 34.
Qe2 Qc4 35. Qh5+ Kg8 36. Re1 Rf8 37. Rxe6 Qf1+ 38. Kh2 Qf2+ 39. Kh3 Qxb2 40.
Rh6 gxh6 41. Qg6+ Kh8 42. Qxh6+ Kg8 43. Qg6+ 1-0

[Event "Tradewise Gibraltar Chess Festival 2014 "]
[Site "The Caleta Hotel - Gibraltar"]
[Date "2014.02.05"]
[Round "9.53"]
[White "Mikkelsen, Nikolaj"]
[Black "Maisuradze, Nino"]
[Result "1-0"]
[WhiteElo "2423"]
[BlackElo "2279"]
[PlyCount "87"]
[EventDate "2014.01.28"]

1. e4 c5 2. Nf3 Nc6 3. Bb5 g6 4. Bxc6 bxc6 5. Nc3 Bg7 6. d3 d6 7. O-O Nh6 8.
Bd2 f5 9. e5 O-O 10. Re1 Nf7 11. Bf4 Qb6 12. Qd2 Qxb2 13. Rab1 Qa3 14. h4 Qa5
15. Nd5 Qxd2 16. Nxe7+ Kh8 17. Bxd2 Nxe5 18. Nxe5 Bxe5 19. Nxc6 Bf6 20. Bh6 Bg7
21. Bxg7+ Kxg7 22. Re7+ Rf7 23. Rbe1 a5 24. f4 h5 25. Kf2 a4 26. a3 Ba6 27.
Rxf7+ Kxf7 28. Re7+ Kf6 29. Rh7 Ke6 30. c4 d5 31. Ne5 dxc4 32. dxc4 Rb8 33. Rg7
Rb2+ 34. Kg1 Rb1+ 35. Kh2 Bxc4 36. Nxc4 Kd5 37. Ne5 Rb3 38. Rd7+ Ke4 39. Rc7
Kd4 40. Rd7+ Kc3 41. Rd5 Rb5 42. Nd7 Kb3 43. Nxc5+ Kc4 44. Nxa4 1-0

[Event "Tradewise Gibraltar Chess Festival 2014 "]
[Site "The Caleta Hotel - Gibraltar"]
[Date "2014.02.05"]
[Round "9.56"]
[White "Tania, Sachdev"]
[Black "Berry, Neil"]
[Result "1-0"]
[WhiteElo "2442"]
[BlackElo "2227"]
[PlyCount "83"]
[EventDate "2014.01.28"]

1. d4 Nf6 2. c4 e6 3. Nf3 Bb4+ 4. Bd2 Bxd2+ 5. Qxd2 d5 6. Nc3 O-O 7. e3 Qe7 8.
Qc2 Rd8 9. cxd5 exd5 10. Bd3 Nbd7 11. g4 Nf8 12. g5 Ne8 13. Rg1 c5 14. dxc5
Qxc5 15. O-O-O Be6 16. Nd4 Nd6 17. f4 g6 18. h4 Rac8 19. Kb1 b5 20. Ncxb5 Qb6
21. Nc3 Nc4 22. Bxc4 Rxc4 23. Ka1 Rb8 24. h5 Rb4 25. b3 Rc8 26. Qb2 Qa5 27.
Nce2 Rb7 28. f5 Bxf5 29. Nxf5 gxf5 30. Nd4 Qc3 31. Nxf5 Qxb2+ 32. Kxb2 Rd8 33.
e4 d4 34. Rxd4 Rxd4 35. Nxd4 Re7 36. Nf5 Rxe4 37. Nh6+ Kh8 38. Rf1 Re2+ 39. Kc3
Rxa2 40. Rxf7 Ne6 41. g6 Ng5 42. g7# 1-0

[Event "Tradewise Gibraltar Chess Festival 2014 "]
[Site "The Caleta Hotel - Gibraltar"]
[Date "2014.02.05"]
[Round "9.57"]
[White "Kohlweyer, Bernd"]
[Black "Hommerson, Paul"]
[Result "1-0"]
[WhiteElo "2437"]
[BlackElo "2255"]
[PlyCount "37"]
[EventDate "2014.01.28"]

1. d4 d5 2. c4 dxc4 3. Nf3 Nf6 4. e3 e6 5. Bxc4 c5 6. O-O a6 7. e4 Nxe4 8. d5
Be7 9. Re1 exd5 10. Qxd5 Qxd5 11. Bxd5 Nf6 12. Nc3 Nc6 13. Bxc6+ bxc6 14. Ne5
O-O 15. Nxc6 Bd6 16. Bg5 Bd7 17. Na5 Be6 18. Rad1 Rfd8 19. Nb7 1-0

[Event "Tradewise Gibraltar Chess Festival 2014 "]
[Site "The Caleta Hotel - Gibraltar"]
[Date "2014.02.05"]
[Round "9.58"]
[White "Galmandakh, Badrakh"]
[Black "Valsecchi, Alessio"]
[Result "1/2-1/2"]
[WhiteElo "2225"]
[BlackElo "2418"]
[PlyCount "80"]
[EventDate "2014.01.28"]

1. Nf3 d5 2. d3 Nf6 3. g3 Nc6 4. Bg2 e5 5. O-O Be7 6. c4 d4 7. b4 Bxb4 8. Nxe5
Nxe5 9. Qa4+ Nc6 10. Bxc6+ bxc6 11. Qxb4 Bh3 12. Re1 Nd7 13. Nd2 c5 14. Qa5 O-O
15. Ne4 h6 16. Nxc5 Nb6 17. Nb3 Qd7 18. Bb2 f5 19. Bxd4 f4 20. f3 Rf5 21. Qd2
Raf8 22. Bf2 Qf7 23. a4 Nd7 24. Kh1 fxg3 25. Bxg3 c5 26. f4 Qh5 27. Rf1 Bxf1
28. Rxf1 Qh3 29. Kg1 Rg5 30. e4 Rg6 31. Qg2 Qxg2+ 32. Kxg2 Rb6 33. Nd2 Rb2 34.
Rd1 Nb6 35. Kf3 Nxa4 36. e5 Nc3 37. Rc1 Na2 38. Rd1 Nc3 39. Rc1 Na2 40. Rd1 Nc3
1/2-1/2

[Event "Tradewise Gibraltar Chess Festival 2014 "]
[Site "The Caleta Hotel - Gibraltar"]
[Date "2014.02.05"]
[Round "9.59"]
[White "Zude, Arno"]
[Black "Sanchez Botella, Luis Javier"]
[Result "1-0"]
[WhiteElo "2400"]
[BlackElo "2241"]
[PlyCount "45"]
[EventDate "2014.01.28"]

1. e4 c5 2. Nf3 e6 3. d4 cxd4 4. Nxd4 a6 5. Nc3 d6 6. Be2 Nf6 7. f4 Nc6 8. Be3
Be7 9. O-O Qc7 10. Kh1 O-O 11. Qe1 Re8 12. Qg3 Rb8 13. Rad1 Bd7 14. e5 Nd5 15.
Nf5 g6 16. exd6 Bxd6 17. Nxd6 Qxd6 18. Ne4 Qc7 19. c4 Nxe3 20. Rxd7 Nxf1 21.
Nf6+ Kg7 22. Qc3 Qxf4 23. Nh5+ 1-0

[Event "Tradewise Gibraltar Chess Festival 2014 "]
[Site "The Caleta Hotel - Gibraltar"]
[Date "2014.02.05"]
[Round "9.60"]
[White "Rowe, Duane"]
[Black "Kuipers, Stefan"]
[Result "0-1"]
[WhiteElo "2218"]
[BlackElo "2399"]
[PlyCount "148"]
[EventDate "2014.01.28"]

1. e4 d6 2. d4 Nf6 3. Nc3 e5 4. Nge2 Nbd7 5. g3 Be7 6. Bg2 O-O 7. O-O c6 8. Kh1
Re8 9. f4 exd4 10. Nxd4 Bf8 11. Nb3 a5 12. a4 Nb6 13. h3 Be6 14. Nd4 Bc4 15.
Re1 d5 16. e5 c5 17. Ndb5 d4 18. b3 Bxb5 19. Nxb5 Nfd5 20. Bd2 Qd7 21. Qf3 Reb8
22. f5 Re8 23. Rad1 Qc8 24. c4 dxc3 25. Nxc3 Nb4 26. Qe4 c4 27. bxc4 Nxc4 28.
Qxb7 Qxf5 29. Rf1 Qe6 30. Bf4 Rab8 31. Qd7 Qxd7 32. Rxd7 Rbd8 33. Rxd8 Rxd8 34.
Nb5 Nd3 35. Bg5 Rb8 36. Bd5 Ncxe5 37. Rf5 g6 38. Rf1 Nb4 39. Bb3 Rb7 40. Rc1
Kg7 41. Rc7 Rxc7 42. Nxc7 Nbc6 43. Ne8+ Kg8 44. Nf6+ Kg7 45. Ne8+ Kg8 46. Nf6+
Kh8 47. Ng4 Nxg4 48. hxg4 Kg7 49. Kg2 Bb4 50. Bd5 Ne5 51. Kh3 Nd3 52. Bf3 Nc5
53. Bc6 Ne6 54. Bf4 Kf6 55. Be4 Bd6 56. g5+ Nxg5+ 57. Bxg5+ Kxg5 58. Kg2 h5 59.
Bd5 f5 60. Bf7 Bb4 61. Kf3 Be1 62. Be6 Kf6 63. Bd7 g5 64. Be8 g4+ 65. Kg2 h4
66. gxh4 Bxh4 67. Bd7 Kg5 68. Kf1 f4 69. Ke2 f3+ 70. Ke3 Bg3 71. Ke4 Bd6 72.
Ke3 Bf4+ 73. Ke4 Bc1 74. Bc6 Kh4 0-1

[Event "Tradewise Gibraltar Chess Festival 2014 "]
[Site "The Caleta Hotel - Gibraltar"]
[Date "2014.02.05"]
[Round "9.61"]
[White "Tseitlin, Mark D"]
[Black "Semprun Martinez, Fernando"]
[Result "1-0"]
[WhiteElo "2389"]
[BlackElo "2227"]
[PlyCount "105"]
[EventDate "2014.01.28"]

1. Nf3 Nf6 2. g3 g6 3. Bg2 Bg7 4. O-O O-O 5. c4 c6 6. b3 d5 7. Bb2 a5 8. Nc3
Ne4 9. d4 Bf5 10. e3 Nd7 11. cxd5 Nxc3 12. Bxc3 cxd5 13. Nh4 Be6 14. f4 Rc8 15.
Qd2 b6 16. f5 gxf5 17. Nxf5 Bxf5 18. Rxf5 e6 19. Rf2 f5 20. Rc1 Nf6 21. Qd3 Ne4
22. Bxe4 fxe4 23. Rxf8+ Bxf8 24. Qe2 Qg5 25. Bd2 Rxc1+ 26. Bxc1 h5 27. Kg2 Bd6
28. Bd2 h4 29. Be1 Kf7 30. Bf2 Ke7 31. g4 h3+ 32. Kxh3 Kd7 33. Kg2 e5 34. h4
Qg8 35. g5 exd4 36. Qg4+ Qe6 37. Qxe6+ Kxe6 38. exd4 Kf5 39. Be3 Kg4 40. g6 Bf8
41. Bg5 Bg7 42. Bd8 b5 43. Bxa5 Bxd4 44. Bb6 Be5 45. a4 bxa4 46. bxa4 e3 47.
Bxe3 d4 48. Bh6 d3 49. a5 Kh5 50. Be3 Kxg6 51. Kf3 Kh5 52. a6 Bb8 53. Ke4 1-0

[Event "Tradewise Gibraltar Chess Festival 2014 "]
[Site "The Caleta Hotel - Gibraltar"]
[Date "2014.02.05"]
[Round "9.62"]
[White "Nezad, Husein Aziz"]
[Black "Sanchez Castillo, Sarai Caroli"]
[Result "1-0"]
[WhiteElo "2372"]
[BlackElo "2219"]
[PlyCount "43"]
[EventDate "2014.01.28"]

1. d4 d5 2. c4 c6 3. Nc3 Nf6 4. e3 g6 5. Nf3 Bg7 6. Be2 O-O 7. O-O dxc4 8. Bxc4
b5 9. Bb3 Bb7 10. Qe2 a6 11. e4 c5 12. dxc5 Qc7 13. Bg5 e6 14. Rac1 Nbd7 15. c6
Bxc6 16. Nd5 exd5 17. exd5 Rfe8 18. Rxc6 Qxc6 19. Qxe8+ Rxe8 20. dxc6 Nc5 21.
c7 Nxb3 22. Rd1 1-0

[Event "Tradewise Gibraltar Chess Festival 2014 "]
[Site "The Caleta Hotel - Gibraltar"]
[Date "2014.02.05"]
[Round "9.63"]
[White "Spence, David J"]
[Black "Lampert, Jonas"]
[Result "1/2-1/2"]
[WhiteElo "2216"]
[BlackElo "2358"]
[PlyCount "95"]
[EventDate "2014.01.28"]

1. e4 c5 2. c3 Nf6 3. e5 Nd5 4. d4 cxd4 5. Nf3 Nc6 6. cxd4 d6 7. Bc4 dxe5 8.
dxe5 Be6 9. O-O g6 10. Ng5 Bg7 11. Nxe6 fxe6 12. h4 O-O 13. Nc3 Nxe5 14. Bxd5
exd5 15. Qxd5+ Qxd5 16. Nxd5 Rf7 17. Nc7 Rc8 18. Ne6 Bh8 19. Bg5 h6 20. Rac1
Nc4 21. Bxh6 Bxb2 22. Rc2 Rf6 23. Re1 Kf7 24. Rce2 Ba3 25. Bg5 Rf5 26. Nd4 Rd5
27. Nc2 Bd6 28. Bxe7 Re5 29. Bxd6 Rxe2 30. Rxe2 Nxd6 31. Ne3 b5 32. g4 Rc5 33.
Rc2 Rxc2 34. Nxc2 Ne4 35. Kf1 a5 36. a3 Nf6 37. f3 Nd5 38. Ke2 b4 39. axb4 axb4
40. Nd4 Nf4+ 41. Kf2 Nd3+ 42. Ke3 Ne1 43. Kf4 Nd3+ 44. Kg5 Nc5 45. Kh6 b3 46.
Nb5 b2 47. Nc3 Ne6 48. Nb1 1/2-1/2

[Event "Tradewise Gibraltar Chess Festival 2014 "]
[Site "The Caleta Hotel - Gibraltar"]
[Date "2014.02.05"]
[Round "9.64"]
[White "Stenzel, Thomas"]
[Black "Solomon, Kenny"]
[Result "1-0"]
[WhiteElo "2216"]
[BlackElo "2351"]
[PlyCount "167"]
[EventDate "2014.01.28"]

1. e4 g6 2. d4 Bg7 3. Nc3 d6 4. h3 a6 5. a4 b6 6. g3 Bb7 7. Bg2 Nf6 8. Nge2 O-O
9. O-O Nc6 10. Be3 e5 11. Qd2 Re8 12. d5 Nb8 13. Bg5 Nbd7 14. g4 Qe7 15. Ng3
Qf8 16. f3 Kh8 17. Rf2 Ng8 18. Be3 Ne7 19. Rd1 Ng8 20. Re1 Qe7 21. g5 Rf8 22.
h4 f6 23. Bh3 fxg5 24. hxg5 Bc8 25. Ref1 Nc5 26. Rh2 Bd7 27. Qg2 Rf7 28. b4 Nb7
29. Qh1 h6 30. Bg2 Bf8 31. gxh6 Kh7 32. Rf2 a5 33. b5 Nc5 34. Kf1 Nxa4 35. Nce2
Bxb5 36. Ke1 Nb2 37. Nc3 Bd7 38. Bf1 a4 39. Kd2 a3 40. Na2 c6 41. Kc1 c5 42.
Be2 b5 43. Kb1 b4 44. Ka1 Rf4 45. Rf1 Rb8 46. Qg2 Qf6 47. Rg1 Ne7 48. Bd2 Na4
49. Bd3 b3 50. cxb3 Rxb3 51. Be2 Rb7 52. Bc1 Rb8 53. Bxa3 Rb3 54. Bc1 Be8 55.
Bd1 Rb8 56. Qd2 Nb6 57. Qc3 Na4 58. Qa5 Nb6 59. Qa7 Nd7 60. Nc3 Kh8 61. h7 Nc8
62. Qa6 Ncb6 63. Qf1 Bg7 64. Ra2 c4 65. Bxf4 exf4 66. Nge2 Nc5 67. Ra3 Ba4 68.
Qg2 Bb3 69. Bxb3 Nxb3+ 70. Ka2 Kxh7 71. Ra7 Nc8 72. Ra3 Ne7 73. Qg4 Kg8 74.
Qe6+ Qxe6 75. dxe6 Kf8 76. Rd1 Be5 77. Rg1 Nc6 78. Nd5 Nb4+ 79. Nxb4 Rxb4 80.
Ra7 Rb8 81. Ka3 Re8 82. Rh1 Nc5 83. Nxf4 Bxf4 84. Rh8# 1-0

[Event "Tradewise Gibraltar Chess Festival 2014 "]
[Site "The Caleta Hotel - Gibraltar"]
[Date "2014.02.05"]
[Round "9.65"]
[White "Bellin, Robert"]
[Black "Dolzhikova, Olga"]
[Result "1/2-1/2"]
[WhiteElo "2337"]
[BlackElo "2203"]
[PlyCount "67"]
[EventDate "2014.01.28"]

1. e4 b6 2. d4 Bb7 3. Bd3 g6 4. Nf3 Bg7 5. O-O e6 6. Re1 Ne7 7. Nbd2 O-O 8. e5
d6 9. Qe2 dxe5 10. dxe5 Nd7 11. Bb5 Nc6 12. Qe4 Nc5 13. Qf4 a6 14. Bf1 Qe7 15.
Rb1 Rfd8 16. b4 Nd7 17. a3 a5 18. Bb5 axb4 19. Bxc6 Bxc6 20. axb4 Bb7 21. Bb2
Ra4 22. Bc3 c5 23. Ne4 Bxe4 24. Qxe4 Nb8 25. Ra1 Qd7 26. Rxa4 Qxa4 27. Ra1 Qc6
28. Qxc6 Nxc6 29. bxc5 bxc5 30. Kf1 h6 31. Ra6 Nd4 32. Bxd4 cxd4 33. Ra5 d3 34.
cxd3 1/2-1/2

[Event "Tradewise Gibraltar Chess Festival 2014 "]
[Site "The Caleta Hotel - Gibraltar"]
[Date "2014.02.05"]
[Round "9.66"]
[White "Allor, Chukwuka"]
[Black "Vojinovic, Jovana"]
[Result "0-1"]
[WhiteElo "2138"]
[BlackElo "2335"]
[PlyCount "68"]
[EventDate "2014.01.28"]

1. Nf3 e6 2. c4 f5 3. g3 Nf6 4. Bg2 Be7 5. Nc3 d5 6. d4 O-O 7. Ne5 c6 8. O-O
Nbd7 9. Nxd7 Bxd7 10. Qb3 Qb6 11. c5 Qxb3 12. axb3 b6 13. cxb6 axb6 14. Bf4
Rfc8 15. Rfc1 Be8 16. Be5 Nd7 17. Bf4 Bf6 18. e3 Be7 19. h4 h6 20. Rxa8 Rxa8
21. Ne2 g5 22. Rxc6 Nf8 23. Rxb6 gxf4 24. Nxf4 Bd8 25. Rxe6 Ra1+ 26. Kh2 Nxe6
27. Bxd5 Bf7 28. Bxe6 Bxe6 29. Nxe6 Be7 30. f3 Rb1 31. g4 fxg4 32. fxg4 Bb4 33.
Kg3 Rxb2 34. Kf3 Rxb3 0-1

[Event "Tradewise Gibraltar Chess Festival 2014 "]
[Site "The Caleta Hotel - Gibraltar"]
[Date "2014.02.05"]
[Round "9.67"]
[White "Tate, Alan"]
[Black "Mueller, Leonhard"]
[Result "1-0"]
[WhiteElo "2321"]
[BlackElo "2191"]
[PlyCount "89"]
[EventDate "2014.01.28"]

1. e4 c5 2. Nf3 Nc6 3. d4 cxd4 4. Nxd4 Qb6 5. Nb3 Nf6 6. Nc3 e6 7. Be3 Qc7 8.
f4 Bb4 9. Bd3 d5 10. e5 Ne4 11. Bxe4 Bxc3+ 12. bxc3 dxe4 13. Nc5 O-O 14. Nxe4
b6 15. O-O Bb7 16. Nd6 Rad8 17. Bd4 Ne7 18. Qg4 g6 19. Qg5 Ba8 20. Rad1 Qc6 21.
Rf3 Rd7 22. Re1 f5 23. exf6 Qxd6 24. fxe7 Rxe7 25. Rf2 Rf5 26. Qg3 Bd5 27. Qe3
Bxa2 28. g4 Rff7 29. h4 Bd5 30. Kh2 Bb7 31. Kh3 Qd5 32. Rg1 Kf8 33. Be5 Rd7 34.
Re1 Kg8 35. Kg3 b5 36. Bd4 a5 37. Qxe6 Qxe6 38. Rxe6 Rd8 39. f5 gxf5 40. gxf5
Bd5 41. Rb6 Rb7 42. Ra6 a4 43. Kf4 Kf7 44. Re2 Re8 45. Rf6+ 1-0

[Event "Tradewise Gibraltar Chess Festival 2014 "]
[Site "The Caleta Hotel - Gibraltar"]
[Date "2014.02.05"]
[Round "9.68"]
[White "Bar, Aviv"]
[Black "Aharon, Ofir"]
[Result "0-1"]
[WhiteElo "2148"]
[BlackElo "2304"]
[PlyCount "84"]
[EventDate "2014.01.28"]

1. b3 Nf6 2. Bb2 d6 3. e3 e5 4. d4 Nbd7 5. Nf3 e4 6. Nfd2 c6 7. c4 d5 8. Be2
Bd6 9. Ba3 Bxa3 10. Nxa3 O-O 11. O-O Re8 12. Qc2 Nf8 13. cxd5 cxd5 14. Rac1 Ne6
15. Qb2 h5 16. Rc3 h4 17. Rfc1 a6 18. b4 Qd7 19. b5 Ng5 20. bxa6 bxa6 21. Qb6
Qf5 22. Qd6 Qg6 23. Kh1 Ne6 24. Nc2 Qf5 25. f3 h3 26. Rf1 hxg2+ 27. Kxg2 Ng5
28. f4 Qh3+ 29. Kh1 Nf3 30. Nxf3 exf3 31. Rxf3 Qh4 32. Bd3 Bg4 33. Rf1 Bh3 34.
Rg1 Rad8 35. Qa3 Ng4 36. Rg3 Re6 37. Ne1 Nxh2 38. Kxh2 Bf1+ 39. Kg1 Qxg3+ 40.
Kxf1 Rh6 41. Qc1 Rh1+ 42. Ke2 Rh2+ 0-1

[Event "Tradewise Gibraltar Chess Festival 2014 "]
[Site "The Caleta Hotel - Gibraltar"]
[Date "2014.02.05"]
[Round "9.69"]
[White "Chapman, Terry P D"]
[Black "Mihajlov, Sebastian"]
[Result "1/2-1/2"]
[WhiteElo "2304"]
[BlackElo "2185"]
[PlyCount "75"]
[EventDate "2014.01.28"]

1. d4 d5 2. c4 c6 3. cxd5 cxd5 4. Nc3 Nf6 5. Nf3 Nc6 6. Bf4 Bf5 7. e3 e6 8. Qb3
Bb4 9. Bb5 O-O 10. O-O Bxc3 11. Qxc3 Rc8 12. Rac1 Ne4 13. Qa3 Qb6 14. Bxc6 bxc6
15. Ne5 Rfd8 16. f3 Nf6 17. g4 Bg6 18. Rc3 Qb5 19. Re1 c5 20. Rb3 Qe8 21. dxc5
d4 22. e4 Nd7 23. Nxd7 Qxd7 24. Bd6 f6 25. Qa6 Rc6 26. Qb7 h5 27. Qxd7 Rxd7 28.
h3 e5 29. Rb8+ Kh7 30. b4 hxg4 31. hxg4 Bf7 32. Re2 Bc4 33. Rd2 Ra6 34. b5 Ra5
35. Rb2 d3 36. a4 Rxa4 37. Kf2 Ra1 38. b6 1/2-1/2

[Event "Tradewise Gibraltar Chess Festival 2014 "]
[Site "The Caleta Hotel - Gibraltar"]
[Date "2014.02.05"]
[Round "9.70"]
[White "De Haan, Eric"]
[Black "Valenti, Giuseppe"]
[Result "1-0"]
[WhiteElo "2303"]
[BlackElo "2172"]
[PlyCount "55"]
[EventDate "2014.01.28"]

1. d4 Nf6 2. c4 e6 3. Nc3 Bb4 4. e3 c5 5. Nge2 b6 6. a3 Ba5 7. Rb1 Na6 8. g3
Bb7 9. d5 O-O 10. Bg2 b5 11. O-O bxc4 12. e4 d6 13. Bg5 h6 14. Bxf6 Qxf6 15.
dxe6 Qxe6 16. Nf4 Qd7 17. Ncd5 Nc7 18. Ne3 Ne6 19. Qg4 Rad8 20. Nh5 Kh8 21.
Nxc4 Bc7 22. Rbd1 Qe7 23. h4 g6 24. Nf4 h5 25. Qxg6 Nxf4 26. Qh6+ Kg8 27. gxf4
Qxh4 28. Rd3 1-0

[Event "Tradewise Gibraltar Chess Festival 2014 "]
[Site "The Caleta Hotel - Gibraltar"]
[Date "2014.02.05"]
[Round "9.71"]
[White "Wahlbom, Magnus"]
[Black "Byron, Alan M"]
[Result "1-0"]
[WhiteElo "2297"]
[BlackElo "2147"]
[PlyCount "105"]
[EventDate "2014.01.28"]

1. e4 c5 2. Nc3 Nc6 3. f4 a6 4. a4 g6 5. Nf3 Bg7 6. Bc4 Nd4 7. O-O d6 8. d3 e6
9. Ng5 f6 10. Nh3 Ne7 11. Ne2 d5 12. Ba2 f5 13. c3 Ndc6 14. Ng3 h6 15. Qe2 O-O
16. Kh1 Kh7 17. Bd2 b5 18. Bb1 Rb8 19. axb5 axb5 20. Ng1 Qc7 21. e5 b4 22. Bc2
bxc3 23. bxc3 Rb2 24. Bc1 Rb7 25. Ba3 Re8 26. Bxc5 Nxe5 27. Bxe7 Rxe7 28. fxe5
Qxc3 29. Rac1 Rec7 30. Qd1 Qxe5 31. Nf3 Qd6 32. d4 Rb4 33. Ne2 Ba6 34. Bd3 Bc4
35. Qd2 Rcb7 36. Bxc4 dxc4 37. Qf4 Qa6 38. h4 Rb2 39. Ng3 Qa2 40. Ra1 Qb3 41.
Rac1 c3 42. Qe3 Rc7 43. Kh2 Qa2 44. Rg1 c2 45. Ne2 Qc4 46. Nf4 Rb6 47. Rge1 Bf8
48. Nxg6 Bd6+ 49. Nge5 Qd5 50. Qe2 Rb3 51. Qf2 Rbc3 52. Re2 Rxf3 53. gxf3 1-0

[Event "Tradewise Gibraltar Chess Festival 2014 "]
[Site "The Caleta Hotel - Gibraltar"]
[Date "2014.02.05"]
[Round "9.72"]
[White "Sos Andreu, Eric"]
[Black "Nyland, Thomas"]
[Result "1-0"]
[WhiteElo "2285"]
[BlackElo "2047"]
[PlyCount "51"]
[EventDate "2014.01.28"]

1. d4 Nf6 2. c4 e6 3. g3 d5 4. Nf3 Be7 5. Bg2 O-O 6. O-O Nbd7 7. Qc2 c6 8. Rd1
b6 9. Bf4 Bb7 10. Nc3 Rc8 11. Ne5 Nh5 12. Bc1 Bd6 13. Nxd7 Qxd7 14. e4 dxe4 15.
Nxe4 Be7 16. Ng5 Nf6 17. Bf4 h6 18. Nf3 Rfd8 19. Ne5 Qe8 20. Qa4 a6 21. Qb3 b5
22. a4 b4 23. a5 Ba8 24. c5 Rb8 25. Nc4 Nd5 26. Bxb8 1-0

[Event "Tradewise Gibraltar Chess Festival 2014 "]
[Site "The Caleta Hotel - Gibraltar"]
[Date "2014.02.05"]
[Round "9.73"]
[White "Walton, Alan J"]
[Black "Haugli, Petter"]
[Result "0-1"]
[WhiteElo "2083"]
[BlackElo "2278"]
[PlyCount "64"]
[EventDate "2014.01.28"]

1. d4 Nf6 2. Bg5 e6 3. e3 c5 4. c3 b6 5. Nf3 Bb7 6. Nbd2 Be7 7. Bd3 O-O 8. Qe2
Nc6 9. O-O-O Nd5 10. Bxe7 Qxe7 11. h4 cxd4 12. exd4 f5 13. g3 a5 14. Rhg1 a4
15. Bc4 Na5 16. Bxd5 Bxd5 17. Kb1 Rfc8 18. Ne5 a3 19. c4 Qb4 20. Nd3 Bxc4 21.
Qxe6+ dxe6 22. Nxb4 axb2 23. Kxb2 Nc6 24. Nxc4 Nxb4 25. Nxb6 Rxa2+ 26. Kb3 Rcc2
27. Kxb4 Rab2+ 28. Ka3 Ra2+ 29. Kb4 Rab2+ 30. Ka3 Rxb6 31. Rc1 Rxf2 32. Rc7 Rd6
0-1

[Event "Tradewise Gibraltar Chess Festival 2014 "]
[Site "The Caleta Hotel - Gibraltar"]
[Date "2014.02.05"]
[Round "9.74"]
[White "Proudian, Armen"]
[Black "Kenney, Jason"]
[Result "1-0"]
[WhiteElo "2273"]
[BlackElo "2112"]
[PlyCount "87"]
[EventDate "2014.01.28"]

1. e4 c6 2. d4 d5 3. Nc3 dxe4 4. Nxe4 Bf5 5. Ng3 Bg6 6. Bc4 e6 7. N1e2 Bd6 8.
h4 Nf6 9. h5 Bf5 10. Nxf5 exf5 11. Qd3 Ne4 12. Be3 Qa5+ 13. c3 Nd7 14. O-O-O
Be7 15. Qc2 Nd6 16. Bb3 O-O-O 17. Bf4 Ne4 18. Ng3 Bd6 19. Bxd6 Nxd6 20. d5 Nc5
21. Nxf5 Nxf5 22. Qxf5+ Rd7 23. Kb1 Nxb3 24. axb3 cxd5 25. Rh4 g6 26. hxg6 fxg6
27. Qh3 Qb5 28. c4 Qc6 29. Rxd5 Kc7 30. Qg3+ Kc8 31. Qg4 h5 32. Qh3 Rhd8 33.
Rhd4 Kc7 34. Qg3+ Kc8 35. Qe5 Rxd5 36. cxd5 Qd6 37. f4 b6 38. Kc2 b5 39. Kd3
Kc7 40. Ke4 Rf8 41. Rd3 Kd7 42. Qxd6+ Kxd6 43. Rg3 Rg8 44. b4 1-0

[Event "Tradewise Gibraltar Chess Festival 2014 "]
[Site "The Caleta Hotel - Gibraltar"]
[Date "2014.02.05"]
[Round "9.75"]
[White "Lederman, Leon"]
[Black "Duff, Rufus"]
[Result "1-0"]
[WhiteElo "2257"]
[BlackElo "2113"]
[PlyCount "59"]
[EventDate "2014.01.28"]

1. e4 e5 2. Nf3 Nc6 3. Bb5 a6 4. Ba4 Nf6 5. O-O Be7 6. Re1 b5 7. Bb3 d6 8. c3
O-O 9. d4 Bg4 10. Be3 exd4 11. cxd4 Na5 12. Bc2 Nc4 13. Bc1 c5 14. b3 Nb6 15.
Nbd2 Rc8 16. h3 Bh5 17. g4 Bg6 18. d5 Nfd7 19. Nf1 Bf6 20. Rb1 Ne5 21. N3h2
Ned7 22. f4 Bd4+ 23. Kg2 f6 24. Ng3 Re8 25. Nf3 Bc3 26. Re2 a5 27. h4 a4 28. h5
Bf7 29. Qd3 b4 30. e5 1-0

[Event "Tradewise Gibraltar Chess Festival 2014 "]
[Site "The Caleta Hotel - Gibraltar"]
[Date "2014.02.05"]
[Round "9.76"]
[White "Rindlisbacher, Jan"]
[Black "Verneuil, Pascal"]
[Result "1/2-1/2"]
[WhiteElo "2250"]
[BlackElo "2065"]
[PlyCount "108"]
[EventDate "2014.01.28"]

1. d4 d5 2. c4 c6 3. Nc3 Nf6 4. Nf3 a6 5. c5 Nbd7 6. Bf4 Nh5 7. Bd2 e5 8. Nxe5
Nxe5 9. dxe5 Bxc5 10. e4 g6 11. Be2 Ng7 12. exd5 cxd5 13. O-O O-O 14. Bf3 d4
15. Nd5 Be6 16. Nf6+ Kh8 17. Qc1 Be7 18. Bb4 Bxf6 19. exf6 Qxf6 20. Bxf8 Rxf8
21. Bxb7 Bf5 22. Qc4 Ne6 23. Rad1 Rd8 24. Rfe1 Nf4 25. Rd2 h5 26. Red1 h4 27.
Rxd4 Rxd4 28. Rxd4 Ne2+ 29. Qxe2 Qxd4 30. Bxa6 Be6 31. a3 h3 32. gxh3 Kg8 33.
Kg2 Bd5+ 34. f3 Qf6 35. Bd3 Qg5+ 36. Kh1 Qc1+ 37. Kg2 Qg5+ 38. Kf1 Be6 39. Ke1
Qc1+ 40. Kf2 Qf4 41. Kg2 Qg5+ 42. Kh1 Qc1+ 43. Qf1 Qxb2 44. a4 Qd2 45. Qe2 Qc1+
46. Qf1 Qd2 47. Bc4 Bd7 48. Bb5 Be6 49. Qd3 Qg5 50. Qf1 Qh4 51. a5 Bxh3 52. Qg1
Qf6 53. Qd1 Qg5 54. Bf1 Bxf1 1/2-1/2